| 000 -LEADER |
| fixed length control field |
00337nam a22001457a 4500 |
| 008 - FIXED-LENGTH DATA ELEMENTS--GENERAL INFORMATION |
| fixed length control field |
210520b ||||| |||| 00| 0 eng d |
| 020 ## - INTERNATIONAL STANDARD BOOK NUMBER |
| International Standard Book Number |
9780735502963 |
| 041 ## - LANGUAGE CODE |
| Language code of text/sound track or separate title |
eng |
| 080 ## - UNIVERSAL DECIMAL CLASSIFICATION NUMBER |
| Edition identifier |
2nd |
| Universal Decimal Classification number |
82 |
| 082 ## - DEWEY DECIMAL CLASSIFICATION NUMBER |
| Classification number |
82 |
| 100 ## - Rafti |
| Rafti |
21 |
| 101 ## - Shkurtesa |
| Shkurtesa |
GJL |
| 245 ## - TITLE STATEMENT |
| Title |
The Legal Research and Writing Handbook |
| Statement of responsibility, etc |
Andrea B. Yelin |
| 942 ## - ADDED ENTRY ELEMENTS (KOHA) |
| Source of classification or shelving scheme |
|
| Item type |
Books |